000 00600nam a22001937a 4500
999 _c22529
_d22529
003 AR-CdUCM
008 190423b ||||| |||| 00| 0 spa d
020 _a9786124781971
040 _aMUNICIPALIDAD PROVINCIAL DEL CUSCO
_cBIBLIOTECA MUNICIPAL DEL CUSCO
082 _aPI/803/G136
_bG136
100 _aGago, Andrea
_948426
245 _aLa discusión /
_cAndrea Gago texto e ilustraciones
260 _aLima :
_bPolifonía,
_c2019.
300 _a22 pág. :
_bilustraciones en color,
_c16 cm.
650 _aCuento
_94671
650 _aLiteratura infantil
_9588
942 _2ddc
_cLIBROS
945 _arac